达文西密码大揭密 (Record no. 54729)

000 -LEADER
fixed length control field 00516nam a22001937a 4500
003 - CONTROL NUMBER IDENTIFIER
control field MPLRDC
005 - DATE AND TIME OF LATEST TRANSACTION
control field 20220104155921.0
008 - FIXED-LENGTH DATA ELEMENTS--GENERAL INFORMATION
fixed length control field 210129b ||||| |||| 00| 0 eng d
020 ## - INTERNATIONAL STANDARD BOOK NUMBER
International Standard Book Number 957-13-4291-2
082 ## - DEWEY DECIMAL CLASSIFICATION NUMBER
Classification number 874.57 NEWM
100 ## - MAIN ENTRY--PERSONAL NAME
Personal name SHARAN NEWMAN
245 ## - TITLE STATEMENT
Title 达文西密码大揭密
Statement of responsibility, etc. 潘勋译
250 ## - EDITION STATEMENT
Edition statement 初版二刷
260 ## - PUBLICATION, DISTRIBUTION, ETC.
Place of publication, distribution, etc. 台湾
Name of publisher, distributor, etc. 时报文化出版企业股份有限公司
Date of publication, distribution, etc. 2005
300 ## - PHYSICAL DESCRIPTION
Other physical details 318
490 ## - SERIES STATEMENT
Series statement 知识丛书. 1012
650 ## - SUBJECT ADDED ENTRY--TOPICAL TERM
Topical term or geographic name entry element 美国文学
942 ## - ADDED ENTRY ELEMENTS (KOHA)
Koha item type Book
-- 874.57 NEWM
Holdings
Withdrawn status Lost status Source of classification or shelving scheme Damaged status Not for loan Collection code Home library Current library Shelving location Date acquired Cost, normal purchase price Total Checkouts Full call number Barcode Date last seen Date last checked out Price effective from Koha item type Public note
            Malaysian Public Library, Research and Development Centre Malaysian Public Library, Research and Development Centre   10/12/2007 45.80 1 874.57 NEWM 00054919 07/04/2025 22/03/2025 18/03/2021 Book mplrdc

© 2022. Malaysian Public Library, Research and Development Centre. All Right ReservedE-mailmplrdc@help.edu.my 

Powered by Koha